Największe miasta w Brazylii - Statystyki

Ogólne statystyki
  • Ten quiz został rozwiązany 20 razy
  • Średni wynik to 5 z 10
Statystyki odpowiedzi
Ludność Miasto % Poprawnych
6 747 815 Rio de Janeiro
100%
3 039 444 Brasilia
78%
2 700 000 Belo Horizonte
56%
1 948 626 Kurytyba
39%
2 703 391 Fortaleza
33%
2 219 580 Manaus
33%
1 661 017 Recife
33%
2 886 698 Salvador
33%
12 400 232 Sao Paolo
33%
1 555 626 Goiania
11%
Nie znaleziono quizów pasujących do podanych kryteriów
Rozkład punktacji
Procent ludzi z każdym wynikiem
Percentyl według liczby udzielonych odpowiedzi
Twoja historia wyników
Nie rozwiązałeś tego quizu